000 01064nam a22002417a 4500
003 NALT
005 20220221111849.0
008 s2548 th f tha d
020 _a9749258193
040 _aNALT
041 _atha
090 _aFIC
_bร477อ 2548
100 1 _aริซัล, โฮเซ
_950056
245 1 0 _aอันล่วงละเมิดมิได้ /
_cโฮเซ ริซัล, เขียน ; จิตราภรณ์ ตันรัตนกุล, แปล.
246 3 1 _aNoli Me Tangere.
260 _aกรุงเทพฯ :
_bมูลนิธิโครงการตำราสังคมศาสตร์และมนุษยศาสตร์,
_c2548
300 _a604 หน้า :
_bภาพประกอบ ;
_c21 ซม.
650 4 _aนวนิยายประวัติศาสตร์ฟิลิปปินส์
_950058
700 0 _950057
_aจิตราภรณ์ ตันรัตนกุล
850 _aNALT
942 _cFIC
_2local
998 _bphon
_j109
_k อารีรัตน์ วิชาช่าง
999 _c46658
_d46658